| 000 | 00663nam a2200133Ia 4500 | ||
|---|---|---|---|
| 008 | 171212s9999 xx 000 0 und d | ||
| 020 | _a9780833050328 | ||
| 100 | _aGreenberg, Michael D. | ||
| 245 |
_cGreenberg, Michael D. _aDirectors as Guardians of Compliance and Ethics Within the Corporate Citadel _bWhat the Policy Community Should Know |
||
| 260 |
_bRAND Corporation _c2010 |
||
| 650 | _aBusiness | ||
| 650 | _aCorporations -- Corrupt practices -- United States -- Congresses; Corporate governance -- Moral and ethical aspects -- United States -- Congresses; Business ethics -- United States -- Congresses | ||
| 856 | _uwww.jstor.org/stable/10.7249/cf277cceg | ||
| 999 |
_c351956 _d351956 |
||